| 000 | 01040cam a2200301Ia 4500 | ||
|---|---|---|---|
| 001 | ocn812160299 | ||
| 003 | Co-BoUCM | ||
| 005 | 20180418094300.0 | ||
| 008 | 170209s2016 sp b 000 0 spa d | ||
| 020 | _a9788415999676 | ||
| 035 |
_a(OCoLC)812160299 _z(OCoLC)738360545 |
||
| 040 |
_aCo-BoUCM _bspa _cSaul Niño _dSaul Niño |
||
| 041 | 1 |
_aspa _heng |
|
| 100 | 1 | 0 |
_aLovecraft, Howard Phillips _d1890-1937 _q(Howard Phillips) _991251 |
| 245 | 0 | 4 |
_aLos mitos de Cthulhu _cby H.P. Lovecraft ; traducción de: Frances LL. Cardona |
| 246 | 0 | 3 | _aThe cthulhu mythos |
| 260 |
_aBarcelona (España) _bBook Trade _c2016 |
||
| 300 | _a313 páginas | ||
| 490 | 0 | _aFontana bilingüe | |
| 490 | 0 |
_aSerie A _v7 |
|
| 546 | _aTexto en español e inglés | ||
| 650 | 7 |
_aLiteratura norteamericana _918714 |
|
| 650 | 7 |
_aCuentos estadounidenses _912271 |
|
| 650 | 7 |
_aTerror en la literatura _925423 |
|
| 700 | 1 |
_aCardona, Francesc LL. _etraductor _935639 |
|
| 942 |
_2DEWEY _a18 _cLIBRO _e1 _h813.5 _mL897m _n0 |
||
| 999 |
_c309061 _d309061 |
||